[Event "Kharkov Rector Cup 7th"]
[Site "Kharkov"]
[Date "2005.04.28"]
[Round "9"]
[White "Nalivajko, Evgeny"]
[Black "Andreikin, Dmitry"]
[Result "1/2-1/2"]
[WhiteElo "2270"]
[BlackElo "2495"]
[PlyCount "50"]
[EventDate "2005.04.20"]
[EventType "tourn"]
[EventRounds "11"]
[EventCountry "UKR"]
[EventCategory "9"]
[SourceTitle "CBM 105 Extra"]
[Source "ChessBase"]
[SourceDate "2005.05.01"]
[SourceVersion "1"]
[SourceVersionDate "2005.05.01"]
[SourceQuality "1"]

1. d4 Nf6 2. Nf3 g6 3. Bf4 Bg7 4. e3 0-0 5. Be2 d6 6. 0-0 Nbd7 7. h3 b6 8. c4 Bb7 9. Nc3 Ne4 10. Nxe4 Bxe4 11. Bh2 e5 12. Qd2 Qe7 13. Rac1 a5 14. Rfd1 Rad8 15. Ne1 exd4 16. exd4 Rfe8 17. Bf3 Nf6 18. Qg5 Qd7 19. Bxe4 Rxe4 20. Rc2 Rde8 21. Qc1 Bh6 22. Qb1 Re2 23. Nf3 Qe6 24. c5 Rxc2 25. Qxc2 Nd5 1/2-1/2

[Event "Kiev Independence Cup-A 4th"]
[Site "Kiev"]
[Date "2004.08.14"]
[Round "4"]
[White "Nalivajko, Evgeny"]
[Black "Dykun, Oleksandr"]
[Result "1/2-1/2"]
[WhiteElo "2349"]
[BlackElo "2168"]
[PlyCount "70"]
[EventDate "2004.08.11"]
[EventType "swiss"]
[EventRounds "11"]
[EventCountry "UKR"]
[SourceTitle "EXT 2005"]
[Source "ChessBase"]
[SourceDate "2004.11.15"]
[SourceVersion "1"]
[SourceVersionDate "2004.11.15"]
[SourceQuality "1"]

1. d4 Nf6 2. Nf3 d6 3. Bf4 b6 4. e3 Bb7 5. h3 g6 6. c4 Bg7 7. Nc3 0-0 8. Be2 Nbd7 9. 0-0 Re8 10. Bh2 a5 11. Rc1 Ne4 12. Nxe4 Bxe4 13. Nd2 Bb7 14. Qc2 e5 15. d5 f5 16. Rce1 e4 17. Nb3 Be5 18. Nd4 Nc5 19. f4 exf3 20. Bxf3 Qg5 21. Bxe5 Rxe5 22. Qc3 Rae8 23. Kf2 h5 24. Nb3 Ne4+ 25. Bxe4 fxe4 26. Kg1 Bc8 27. Kh1 Qg3 28. Qd2 Rf5 29. Rxf5 Bxf5 30. Rf1 Re5 31. Qf2 Qxf2 32. Rxf2 b5 33. cxb5 Rxd5 34. Nd4 Bd7 35. a4 Rc5 1/2-1/2

[Event "UKR-ch sf"]
[Site "Alushta"]
[Date "2004.05.11"]
[Round "8"]
[White "Ryskal, Vladimir"]
[Black "Nalivajko, Evgeny"]
[Result "0-1"]
[WhiteElo "2178"]
[BlackElo "2388"]
[PlyCount "134"]
[EventDate "2004.05.04"]
[EventType "swiss"]
[EventRounds "9"]
[EventCountry "UKR"]
[SourceTitle "EXT 2005"]
[Source "ChessBase"]
[SourceDate "2004.11.15"]
[SourceVersion "1"]
[SourceVersionDate "2004.11.15"]
[SourceQuality "1"]

1. d4 e6 2. c4 f5 3. Nc3 Nf6 4. g3 d5 5. Bg2 c6 6. b3 Bd6 7. Nh3 0-0 8. 0-0 Bd7 9. Bf4 Be7 10. f3 c5 11. Bxb8 Rxb8 12. cxd5 Qa5 13. dxe6 cxd4 14. Na4 Bxa4 15. bxa4 Nd5 16. Rc1 Ne3 17. Qxd4 Nxf1 18. Kxf1 Rbc8 19. Rb1 Rfd8 20. Qb2 Qxa4 21. Nf2 b6 22. Bh3 Rc2 23. Qe5 Rc5 24. Qb2 Qc4 25. Qb3 g6 26. Nd3 Qxb3 27. axb3 Rc6 28. g4 fxg4 29. Bxg4 Bf6 30. b4 Kf8 31. b5 Rc2 32. f4 Rd6 33. Rb3 h5 34. Bh3 Rc3 35. Rb1 Ra3 36. Kg2 Ra1 37. Rb3 Rd5 38. e4 Rd8 39. Kf3 Rd1 40. Nf2 R1d2 41. Bf1 Rc8 42. Rd3 Rb2 43. Rd7 Be7 44. h3 Rc1 45. Be2 Rcc2 46. Nd3 Rxe2 47. Nxb2 Rxb2 48. Rxa7 Rb3+ 49. Ke2 Rxb5 50. Kd3 Rb3+ 51. Kd4 Rxh3 52. Rb7 Rb3 53. Kd5 Rb5+ 54. Kc6 Ra5 55. Rxb6 h4 56. e5 h3 57. Rb2 Ra3 58. Kd7 Rd3+ 59. Kc6 Ba3 60. Rb7 h2 61. Rh7 Rd2 62. Kc7 Kg8 63. Rh3 Be7 64. Kc8 Kg7 65. Kc7 g5 66. fxg5 Kg6 67. Kc6 Kf5 0-1

[Event "UKR-ch"]
[Site "Simferopol"]
[Date "2003.11.09"]
[Round "6"]
[White "Varchenko, Grigory"]
[Black "Nalivajko, Evgeny"]
[Result "1/2-1/2"]
[WhiteElo "2218"]
[BlackElo "2400"]
[PlyCount "26"]
[EventDate "2003.11.04"]
[EventType "swiss"]
[EventRounds "9"]
[EventCountry "UKR"]
[SourceTitle "CBM 097 Extra"]
[Source "ChessBase"]
[SourceDate "2004.01.13"]
[SourceVersion "1"]
[SourceVersionDate "2004.01.13"]
[SourceQuality "1"]

1. e4 e6 2. d4 d5 3. Nc3 Nf6 4. e5 Nfd7 5. f4 c5 6. Nf3 Nc6 7. Be3 cxd4 8. Nxd4 Bc5 9. Qd2 a6 10. Be2 Nxd4 11. Bxd4 Bxd4 12. Qxd4 Qb6 13. Qxb6 Nxb6 1/2-1/2

[Event "UKR-ch"]
[Site "Simferopol"]
[Date "2003.11.08"]
[Round "5"]
[White "Nalivajko, Evgeny"]
[Black "Zubarev, Alexander2222"]
[Result "0-1"]
[WhiteElo "2400"]
[BlackElo "2460"]
[PlyCount "88"]
[EventDate "2003.11.04"]
[EventType "swiss"]
[EventRounds "9"]
[EventCountry "UKR"]
[SourceTitle "CBM 097 Extra"]
[Source "ChessBase"]
[SourceDate "2004.01.13"]
[SourceVersion "1"]
[SourceVersionDate "2004.01.13"]
[SourceQuality "1"]

1. d4 Nf6 2. Nf3 c5 3. d5 b5 4. Bg5 Ne4 5. Bh4 Bb7 6. e3 g6 7. c4 Bg7 8. Qc2 Qa5+ 9. Nbd2 f5 10. Bd3 bxc4 11. Bxe4 fxe4 12. Qxe4 e6 13. Qf4 Bxd5 14. 0-0 Nc6 15. Nxc4 Bxc4 16. Qxc4 0-0 17. Rac1 Rab8 18. Rfd1 Rxf3 19. Rxd7 Rf7 20. Qxe6 Ne5 21. Rd5 Qa4 22. Rxe5 Qxh4 23. g3 Qf6 24. Qxf6 Bxf6 25. Rexc5 Rxb2 26. R1c2 Rb1+ 27. Kg2 Rbb7 28. f4 Rfe7 29. Kf3 Kf7 30. g4 Red7 31. g5 Bd8 32. h4 Rb1 33. h5 gxh5 34. Rh2 Kg7 35. Rxh5 Re7 36. Rc3 Bb6 37. Rh3 Re1 38. Kf2 Ra1 39. Rc2 Re4 40. Rf3 Rh1 41. Rc3 Rh2+ 42. Kg3 Rxa2 43. Rd3 Re7 44. f5 Bc7+ 0-1

[Event "Alushta Puchko Memorial"]
[Site "Alushta"]
[Date "2002.??.??"]
[Round "?"]
[White "Firman, Nazar"]
[Black "Nalivajko, Evgeny"]
[Result "1/2-1/2"]
[WhiteElo "2485"]
[BlackElo "2435"]
[PlyCount "30"]
[EventDate "2002.03.20"]
[EventType "tourn"]
[EventRounds "13"]
[EventCountry "UKR"]
[EventCategory "9"]
[SourceTitle "EXT 2003"]
[Source "ChessBase"]
[SourceDate "2002.11.25"]
[SourceVersion "1"]
[SourceVersionDate "2002.11.25"]
[SourceQuality "1"]

1. e4 e6 2. Qe2 c5 3. Nf3 Nc6 4. g3 g6 5. Bg2 Bg7 6. 0-0 Nge7 7. d3 d6 8. c3 0-0 9. Rd1 e5 10. a3 a5 11. a4 h6 12. Na3 Be6 13. Nb5 f5 14. Nd2 Na7 15. exf5 Bxf5 1/2-1/2

[Event "Alushta Puchko Memorial"]
[Site "Alushta"]
[Date "2002.??.??"]
[Round "?"]
[White "Nalivajko, Evgeny"]
[Black "Zontakh, Andrey"]
[Result "0-1"]
[WhiteElo "2435"]
[BlackElo "2519"]
[PlyCount "80"]
[EventDate "2002.03.20"]
[EventType "tourn"]
[EventRounds "13"]
[EventCountry "UKR"]
[EventCategory "9"]
[SourceTitle "EXT 2003"]
[Source "ChessBase"]
[SourceDate "2002.11.25"]
[SourceVersion "1"]
[SourceVersionDate "2002.11.25"]
[SourceQuality "1"]

1. d4 Nf6 2. c4 e6 3. Nf3 b6 4. g3 Ba6 5. b3 Bb7 6. Bg2 Bb4+ 7. Bd2 a5 8. 0-0 0-0 9. a3 Be7 10. Bc3 d5 11. Nbd2 c5 12. e3 Nc6 13. Ne5 Qc7 14. Qc2 Rfd8 15. Qb2 cxd4 16. Nxc6 dxc3 17. Nxe7+ Qxe7 18. Qxc3 dxc4 19. Bxb7 Qxb7 20. bxc4 Rd7 21. Rab1 Rad8 22. Rb2 Rd3 23. Qc1 Qc6 24. Nb3 e5 25. c5 a4 26. cxb6 Rc3 27. Qb1 axb3 28. Rxb3 Ne4 29. b7 Rxb3 30. Qxb3 Rb8 31. Rd1 h6 32. Qd5 Qxb7 33. Qxe5 Ng5 34. Qd5 Qb2 35. Qf5 Qe2 36. Rc1 g6 37. Qf6 Re8 38. h4 Nf3+ 39. Kg2 Ne1+ 40. Kg1 Rxe3 0-1

[Event "Alushta Puchko Memorial"]
[Site "Alushta"]
[Date "2002.??.??"]
[Round "?"]
[White "Pisakov, Ilia"]
[Black "Nalivajko, Evgeny"]
[Result "1/2-1/2"]
[WhiteElo "2238"]
[BlackElo "2435"]
[PlyCount "27"]
[EventDate "2002.03.20"]
[EventType "tourn"]
[EventRounds "13"]
[EventCountry "UKR"]
[EventCategory "9"]
[SourceTitle "EXT 2003"]
[Source "ChessBase"]
[SourceDate "2002.11.25"]
[SourceVersion "1"]
[SourceVersionDate "2002.11.25"]
[SourceQuality "1"]

1. d4 e6 2. c4 f5 3. Nf3 Nf6 4. g3 c6 5. Bg2 d5 6. 0-0 Bd6 7. Bf4 Bxf4 8. gxf4 0-0 9. e3 Bd7 10. Ne5 Be8 11. Nd2 Nbd7 12. Qc2 Nxe5 13. fxe5 Ne4 14. f4 1/2-1/2

[Event "Prerov Friendship GM"]
[Site "Prerov"]
[Date "2001.12.09"]
[Round "6"]
[White "Kalod, Radek"]
[Black "Nalivajko, Evgeny"]
[Result "1-0"]
[WhiteElo "2479"]
[BlackElo "2481"]
[PlyCount "79"]
[EventDate "2001.12.04"]
[EventType "tourn"]
[EventRounds "11"]
[EventCountry "CZE"]
[EventCategory "9"]
[SourceTitle "CBM 087"]
[Source "ChessBase"]
[SourceDate "2002.03.21"]
[SourceVersion "1"]
[SourceVersionDate "2002.03.21"]
[SourceQuality "1"]

1. e4 e6 2. d4 d5 3. Nc3 Nf6 4. e5 Nfd7 5. Nce2 c5 6. c3 Nc6 7. f4 cxd4 8. cxd4 Bb4+ 9. Bd2 Bxd2+ 10. Qxd2 0-0 11. Nf3 f6 12. h4 Qe7 13. Rh3 b6 14. Nc3 Bb7 15. Bd3 Rac8 16. Rd1 a6 17. Qe2 f5 18. Bxa6 Bxa6 19. Qxa6 Na5 20. Qe2 Nc4 21. Kf1 Qb4 22. Rb1 Na3 23. Rc1 Nb5 24. Qd2 Nxc3 25. bxc3 Qc4+ 26. Kg1 Ra8 27. Rc2 Rfc8 28. Ng5 Nf8 29. Re3 b5 30. Nf3 Ra3 31. Kh2 b4 32. cxb4 Qxc2 33. Qxc2 Rxc2 34. Rxa3 h6 35. Ra7 Ng6 36. Kg3 Rb2 37. a3 Rb3 38. Ra5 Ne7 39. b5 Kf7 40. a4 1-0

[Event "Prerov Friendship GM"]
[Site "Prerov"]
[Date "2001.12.06"]
[Round "3"]
[White "Heberla, Bartlomiej"]
[Black "Nalivajko, Evgeny"]
[Result "1-0"]
[WhiteElo "2390"]
[BlackElo "2481"]
[PlyCount "79"]
[EventDate "2001.12.04"]
[EventType "tourn"]
[EventRounds "11"]
[EventCountry "CZE"]
[EventCategory "9"]
[SourceTitle "CBM 087"]
[Source "ChessBase"]
[SourceDate "2002.03.21"]
[SourceVersion "1"]
[SourceVersionDate "2002.03.21"]
[SourceQuality "1"]

1. e4 e6 2. d4 d5 3. Nc3 Nf6 4. Bg5 Be7 5. e5 Nfd7 6. Bxe7 Qxe7 7. Nb5 Nb6 8. c3 a6 9. Na3 c5 10. f4 Nc6 11. Nf3 cxd4 12. cxd4 Qb4+ 13. Qd2 Qxd2+ 14. Kxd2 Ke7 15. Nc2 a5 16. a4 Bd7 17. b3 Na7 18. Bd3 g6 19. Rac1 Rhb8 20. Na3 Nbc8 21. Rc5 h6 22. Rhc1 b6 23. Rc7 Kd8 24. R7c3 Ne7 25. Ra1 b5 26. axb5 Nxb5 27. Bxb5 Bxb5 28. Rc5 Bd7 29. Kc3 Rb4 30. Nc2 Rb5 31. Nfe1 Rxc5+ 32. dxc5 Nc6 33. Nf3 Rc8 34. Nfd4 Nxd4 35. Kxd4 Rb8 36. c6 Bxc6 37. Kc5 Bd7 38. Nd4 Rc8+ 39. Kd6 Ra8 40. b4 1-0

[Event "Alushta Autumn 2nd"]
[Site "Alushta"]
[Date "2001.??.??"]
[Round "15"]
[White "Smirnov, Igor"]
[Black "Nalivajko, Evgeny"]
[Result "1/2-1/2"]
[WhiteElo "2438"]
[BlackElo "2481"]
[PlyCount "81"]
[EventDate "2001.09.22"]
[EventType "tourn"]
[EventRounds "14"]
[EventCountry "UKR"]
[EventCategory "8"]
[SourceTitle "EXT 2002"]
[Source "ChessBase"]
[SourceDate "2001.11.25"]
[SourceVersion "1"]
[SourceVersionDate "2001.11.25"]
[SourceQuality "1"]

1. e4 e6 2. Nf3 d5 3. Nc3 Nf6 4. e5 Nfd7 5. d4 c5 6. dxc5 Nc6 7. Bf4 Bxc5 8. Bd3 f6 9. exf6 Qxf6 10. Bg3 0-0 11. 0-0 Nd4 12. Nxd4 Bxd4 13. Qe2 Ne5 14. Nb5 Nxd3 15. cxd3 Bd7 16. Nxd4 Qxd4 17. Be5 Qb4 18. Rac1 Bc6 19. Bc3 Qd6 20. Qg4 Qd7 21. Rce1 Rae8 22. Qd4 a6 23. f4 Rf6 24. Re5 Rf5 25. Rfe1 Qf7 26. g3 Rxe5 27. Rxe5 h6 28. Kf2 Qg6 29. Ke1 Rf8 30. Kd2 Rf6 31. Re2 Qf7 32. Qe3 Rg6 33. Be5 Qf8 34. Bd4 h5 35. Qf3 h4 36. Rg2 e5 37. Bxe5 d4 38. Qf2 Bxg2 39. Qxg2 hxg3 40. hxg3 Qf7 41. Qh3 1/2-1/2

[Event "Alushta Autumn 2nd"]
[Site "Alushta"]
[Date "2001.??.??"]
[Round "13"]
[White "Zubarev, Alexander2222"]
[Black "Nalivajko, Evgeny"]
[Result "1-0"]
[WhiteElo "2470"]
[BlackElo "2481"]
[PlyCount "107"]
[EventDate "2001.09.22"]
[EventType "tourn"]
[EventRounds "14"]
[EventCountry "UKR"]
[EventCategory "8"]
[SourceTitle "EXT 2002"]
[Source "ChessBase"]
[SourceDate "2001.11.25"]
[SourceVersion "1"]
[SourceVersionDate "2001.11.25"]
[SourceQuality "1"]

1. d4 e6 2. c4 f5 3. g3 Nf6 4. Bg2 d5 5. Nh3 c6 6. 0-0 Bd6 7. Bf4 Be7 8. Nd2 0-0 9. a3 Nbd7 10. Ng5 Nb6 11. Ngf3 Ne4 12. c5 Nd7 13. Ne5 Nxd2 14. Qxd2 Nxe5 15. Bxe5 b6 16. b4 Bf6 17. Bxf6 Qxf6 18. Rfc1 Bd7 19. a4 Rab8 20. e3 Rbc8 21. Bf1 e5 22. dxe5 Qxe5 23. Rab1 Be6 24. Rb2 Bf7 25. Rbc2 Be8 26. cxb6 axb6 27. a5 b5 28. Qc3 Qxc3 29. Rxc3 Rd8 30. Rd3 Kf7 31. f3 Bd7 32. Kf2 Rfe8 33. Rd4 Re7 34. e4 fxe4 35. fxe4 Rxe4 36. Rxe4 dxe4 37. Ke3 Ke7 38. Bg2 Re8 39. Bxe4 Kd6 40. Rd1+ Kc7 41. Rf1 Be6 42. Kd4 h6 43. Rf2 Rd8+ 44. Ke5 Bc4 45. a6 Kb6 46. a7 Rc8 47. Kd4 Bb3 48. Ke5 Ba4 49. Rf4 Re8+ 50. Kd6 Kxa7 51. Bxc6 Re2 52. h4 Rd2+ 53. Kc7 Rb2 54. Rf8 1-0